| 000 | 004190000a22001690004500 | ||
|---|---|---|---|
| 003 | LK-CoMWRAF | ||
| 008 | 230817t1957 ||||| |||| 00| 0 eng d | ||
| 040 |
_aLK-CoMWRAF _dLK-CoMWRAF _eLK-CoMWRAF |
||
| 041 | _aeng | ||
| 082 |
_a750 _bCEY |
||
| 245 |
_aThe Ceylon Muslim Scholarship Fund _b |
||
| 260 |
_aColombo _bCMSF _c1957 |
||
| 300 | _ap. | ||
| 490 | _aNo.13 | ||
| 650 | _aThe Ceylon Muslim Scholarship Fund | ||
| 942 | _cBK | ||
| 999 |
_c8 _d8 |
||